Countries that Would Have Bordered the US on Pangea - Statistics

General Stats
  • This quiz has been taken 279 times
    253 since last reset
  • The average score is 13 of 18
Answer Stats
Continent Country % Correct
North America Mexico
92%
North America Canada
90%
North America Cuba
82%
Africa Morocco
81%
Asia Russia
80%
Africa Senegal
76%
Africa Guinea
75%
Africa The Gambia
75%
South America Venezuela
75%
Africa Guinea-Bissau
73%
South America Suriname
73%
South America Colombia
72%
Africa Mauritania
68%
Africa Sierra Leone
68%
North America Haiti
67%
North America Dominican Republic
55%
Africa Cape Verde
49%
South America French Guiana
33%
No matching quizzes found
Score Distribution
Percent of People with Each Score
Percentile by Number Answered
Your Score History
You have not taken this quiz since the last reset